| 000 -GUIDE |
| Champ de contrôle de longueur fixe |
01435nam a22002777a 4500 |
| 003 - IDENTITÉ DU NUMÉRO DE CONTRÔLE |
| Champ de contrôle |
BI-BuBU |
| 008 - ÉLÉMENTS DE LONGUEUR FIXE - RENSEIGNEMENTS GÉNÉRAUX |
| Champ de contrôle de longueur fixe |
140127s2008 bd ||||dr|||| 00| 0 eng d |
| 037 ## - SOURCE D'ACQUISITION |
| Source d'acquisition et du numéro d'inventaire |
don auteur |
| 039 ## - NIVEAU DE CONTRÔLE BIBLIOGRAPHIQUE ET HISTORIQUE D'ENCODAGE [OBSOLETE] |
| Date creation |
20140127094738.0 |
| Nom catalographe |
Godeberthe Nsengimana |
| 040 ## - SOURCE DU CATALOGAGE |
| Organisme qui a effectué le catalogage original |
BI-BuBU |
| Code de la langue utilisée dans le catalogage |
fre |
| Organisme qui a effectué la transcription |
BI-BuBU |
| Organisme qui a effectué la modification |
BI-BuBU |
| 041 0# - CODE DE LANGUE |
| Code de langue du texte/de la piste sonore ou du titre distinct |
eng |
| 080 ## - INDICE DE LA CLASSIFICATION DÉCIMALE UNIVERSELLE (CDU) |
| Indice de la Classification décimale universelle |
370.06 |
| 100 1# - VEDETTE PRINCIPALE - NOM DE PERSONNE |
| Code de relation |
aut |
| Nom de personne |
Niyubahwe, Adronis |
| 245 10 - MENTION DU TITRE |
| Titre |
Corruption in education and its impact on the teaching and learning of english |
| Reste du titre |
the case of some secondary schools in Rumonge town |
| Mention de responsabilité, etc. |
bay Adronis Niyubahwe; Herménégilde Rwantabagu |
| 260 ## - PUBLICATION, DIFFUSION, ETC. (ADRESSE BIBLIOGRAPHIQUE) |
| Lieu de publication, diffusion, etc. |
Bujumbura |
| Nom de l'éditeur, diffuseur, etc. |
university of Burundi, faculty of arts and social sciences, department of english language and litterature |
| Date of publication, distribution, etc |
2008 |
| 300 ## - DESCRIPTION MATÉRIELLE |
| Collation |
V-76 f. |
| Dimensions |
30 cm. |
| 500 ## - NOTE GÉNÉRALE |
| Note générale |
A thesis submitted in partial fulfilment of the requirements for the award of the Degree "licence en langue et littérature anglaises" |
| 650 #7 - VEDETTE-MATIÈRE - NOM COMMUN |
| Source du terme |
BI-BuBU |
| Vedette de sujet ou vedette comportant un nom géographique |
Anglais(langue) .Enseignement. |
| 9 (RLIN) |
84426 |
| 650 #7 - VEDETTE-MATIÈRE - NOM COMMUN |
| Source du terme |
BI-BuBU |
| Vedette de sujet ou vedette comportant un nom géographique |
Education.Corruption.Impact : Anglais(langue) .Enseignement.Ecole secondaire. |
| Subdivision géographique |
Rumonge |
| 9 (RLIN) |
84427 |
| 655 ## - TERME D'INDEXATION - GENRE OU FORME |
| Subdivision de forme |
Mémoire |
| 9 (RLIN) |
84432 |
| 700 1# - VEDETTE SECONDAIRE - NOM DE PERSONNE |
| Code de relation |
drt |
| Nom d'auteur |
Rwantabagu,Herménégilde |
| 9 (RLIN) |
84429 |
| 710 ## - VEDETTE SECONDAIRE - NOM DE COLLECTIVITÉ |
| Nom de la collectivité ou nom de lieu comme élément de classement |
University of Burundi |
| Collectivité subordonnée |
Faculty of arts and social sciences, department of english language and litterature |
| 9 (RLIN) |
84430 |
| 942 ## - ÉLÉMENTS D'ENTRÉE ADDITIONNELLE (KOHA) |
| Source de la classification ou du système de rangement |
|
| Type d item koha |
Memoire |